Statystyki dla Najpopularniejsze piosenki Taco Hemnigway

Kliknij tutaj aby rozwiązać quiz!

Ogólne statystyki

  • Ten quiz został rozwiązany 28 razy
  • Średni wynik to 8 z 20

Statystyki odpowiedzi

L.p.Piosenka% Poprawnych
3.Deszcz na betonie
88%
2.6 zer
72%
8.Nostalgia
72%
1.Nastepna stacja
64%
5.W PIĄTKI LEŻE W WANNIE
64%
4.POLSKIE TANGO
60%
16.Marmur
52%
7.Szlugi i kalafiory
48%
11.Fiji
44%
9.Chodź
40%
14.Trójkąt
40%
10.LECI NOWY FUTURE
36%
19.Mięso
24%
15.WIATR
24%
6.Wszystko jedno
24%
20.Człowiek z dziurą zamiast krtani
20%
13.Marsz, marsz
20%
12.A mówiłem ci
16%
17.Awizo
16%
18.Białkocholicy
0%

Rozkład punktacji

Percentyl według liczby udzielonych odpowiedzi

Procent ludzi z każdym wynikiem

Twoja historia wyników

Nie rozwiązałeś tego quizu